[Event "Juniorklub 2017"]
[Site "?"]
[Date "2017.11.17"]
[Round "3.9"]
[White "Valko, Michal"]
[Black "Haban, Peter"]
[Result "0-1"]
[BlackElo "1814"]
[WhiteElo "1503"]
[LiveChessVersion "1.4.8"]

1. e4 {[%clk 1:00:55]} d6 {[%clk 1:00:55]} 2. d4 {[%clk 1:01:17]} g6
{[%clk 1:01:16]} 3. Be3 {[%clk 1:01:38]} Bg7 {[%clk 1:01:39]} 4. Qd2
{[%clk 1:01:38]} c6 {[%clk 1:00:14]} 5. Nc3 {[%clk 1:02:01]} Nd7 {[%clk 1:00:16]}
6. h3 {[%clk 1:01:55]} b5 {[%clk 0:59:47]} 7. f4 {[%clk 1:01:57]} Bb7
{[%clk 0:58:49]} 8. Bd3 {[%clk 1:01:06]} Ngf6 {[%clk 0:57:52]} 9. Nf3
{[%clk 1:00:29]} b4 {[%clk 0:57:19]} 10. Ne2 {[%clk 1:00:50]} a5 {[%clk 0:57:47]}
11. O-O {[%clk 1:00:09]} Ba6 {[%clk 0:55:13]} 12. Bxa6 {[%clk 1:00:08]} Rxa6
{[%clk 0:55:37]} 13. f5 {[%clk 1:00:29]} Ra8 {[%clk 0:53:41]} 14. Ng3
{[%clk 0:59:16]} Qc7 {[%clk 0:52:45]} 15. Bh6 {[%clk 0:58:43]} Bxh6
{[%clk 0:45:07]} 16. Qxh6 {[%clk 0:59:10]} gxf5 {[%clk 0:44:51]} 17. exf5
{[%clk 0:59:15]} O-O-O {[%clk 0:44:16]} 18. Rae1 {[%clk 0:57:52]} d5
{[%clk 0:42:50]} 19. Ne5 {[%clk 0:56:56]} Nxe5 {[%clk 0:41:46]} 20. dxe5
{[%clk 0:57:18]} Nd7 {[%clk 0:41:31]} 21. Qe3 {[%clk 0:55:49]} Rhg8
{[%clk 0:39:54]} 22. Nh5 {[%clk 0:54:10]} Qb6 {[%clk 0:37:27]} 23. Qxb6
{[%clk 0:52:17]} Nxb6 {[%clk 0:37:50]} 24. f6 {[%clk 0:52:21]} e6
{[%clk 0:37:52]} 25. Ng7 {[%clk 0:52:11]} d4 {[%clk 0:36:46]} 26. Rf4
{[%clk 0:50:16]} c5 {[%clk 0:34:39]} 27. Rh4 {[%clk 0:49:54]} Rh8
{[%clk 0:34:46]} 28. g4 {[%clk 0:46:19]} Nc4 {[%clk 0:32:16]} 29. b3
{[%clk 0:43:54]} Ne3 {[%clk 0:32:05]} 30. g5 {[%clk 0:42:41]} Nxc2
{[%clk 0:31:20]} 31. Rc1 {[%clk 0:43:05]} d3 {[%clk 0:31:24]} 32. Rc4
{[%clk 0:42:43]} Rd5 {[%clk 0:29:54]} 33. Re4 {[%clk 0:40:28]} Nd4
{[%clk 0:25:16]} 34. Kf2 {[%clk 0:39:13]} d2 {[%clk 0:24:30]} 35. Rd1
{[%clk 0:39:21]} Nb5 {[%clk 0:24:26]} 36. Rh4 {[%clk 0:38:24]} Nc3
{[%clk 0:24:13]} 37. Rxd2 {[%clk 0:38:21]} Rxd2+ {[%clk 0:24:24]} 38. Ke3
{[%clk 0:38:47]} Re2+ {[%clk 0:22:42]} 39. Kf4 {[%clk 0:39:05]} Re4+
{[%clk 0:22:25]} 40. Kg3 {[%clk 0:39:27]} Rxh4 {[%clk 0:22:47]} 41. Kxh4
{[%clk 0:39:49]} Nxa2 {[%clk 0:23:01]} 42. Kh5 {[%clk 0:40:11]} a4
{[%clk 0:23:23]} 43. Nf5 {[%clk 0:37:04]} exf5 {[%clk 0:23:28]} 44. e6
{[%clk 0:36:43]} fxe6 {[%clk 0:22:15]} 45. g6 {[%clk 0:36:58]} hxg6+
{[%clk 0:21:46]} 46. Kxg6 {[%clk 0:37:22]} axb3 {[%clk 0:22:06]} 47. Kg7
{[%clk 0:37:39]} Rd8 {[%clk 0:22:23]} 48. h4 {[%clk 0:37:52]} b2 {[%clk 0:22:43]}
49. h5 {[%clk 0:38:11]} b1=Q {[%clk 0:23:06]} 50. h6 {[%clk 0:38:38]} Qg1+
{[%clk 0:23:18]} 51. Kf7 {[%clk 0:38:56]} Qg8+ {[%clk 0:23:19]} 0-1

[Event "Juniorklub 2017"]
[Site "?"]
[Date "2017.11.17"]
[Round "3.10"]
[White "Simonova, Stela"]
[Black "Remen, Igor"]
[Result "1/2-1/2"]
[BlackElo "1763"]
[WhiteElo "1643"]
[LiveChessVersion "1.4.8"]

1. d4 {[%clk 1:00:56]} d5 {[%clk 1:00:32]} 2. Bf4 {[%clk 1:01:21]} Nf6
{[%clk 0:59:45]} 3. Nf3 {[%clk 1:01:25]} Bf5 {[%clk 0:57:39]} 4. e3
{[%clk 1:01:18]} Nbd7 {[%clk 0:57:36]} 5. h3 {[%clk 0:59:38]} e6 {[%clk 0:57:31]}
6. Bd3 {[%clk 0:59:05]} Bxd3 {[%clk 0:57:25]} 7. Qxd3 {[%clk 0:59:28]} c5
{[%clk 0:57:31]} 8. c3 {[%clk 0:58:47]} c4 {[%clk 0:52:48]} 9. Qc2
{[%clk 0:58:02]} Be7 {[%clk 0:50:13]} 10. Nbd2 {[%clk 0:57:47]} b5
{[%clk 0:49:56]} 11. O-O {[%clk 0:53:45]} h6 {[%clk 0:49:21]} 12. Rfe1
{[%clk 0:53:20]} Ne4 {[%clk 0:47:38]} 13. Nxe4 {[%clk 0:50:09]} dxe4
{[%clk 0:48:03]} 14. Qxe4 {[%clk 0:49:32]} O-O {[%clk 0:48:05]} 15. Rad1
{[%clk 0:45:31]} Nf6 {[%clk 0:47:49]} 16. Qc2 {[%clk 0:44:43]} Qb6
{[%clk 0:39:03]} 17. e4 {[%clk 0:38:57]} Rfd8 {[%clk 0:38:25]} 18. a3
{[%clk 0:35:33]} a5 {[%clk 0:38:25]} 19. Ne5 {[%clk 0:30:26]} Rac8
{[%clk 0:33:51]} 20. Re3 {[%clk 0:27:05]} Bd6 {[%clk 0:28:49]} 21. Qe2
{[%clk 0:23:32]} Qc7 {[%clk 0:28:27]} 22. Bg3 {[%clk 0:19:35]} g6
{[%clk 0:23:07]} 23. Ng4 {[%clk 0:18:17]} Nxg4 {[%clk 0:17:58]} 24. Qxg4
{[%clk 0:18:31]} Kh7 {[%clk 0:17:18]} 25. e5 {[%clk 0:18:06]} Be7
{[%clk 0:17:32]} 26. Rf3 {[%clk 0:17:00]} Kg7 {[%clk 0:16:22]} 27. Re1
{[%clk 0:14:26]} b4 {[%clk 0:16:22]} 28. axb4 {[%clk 0:14:18]} axb4
{[%clk 0:16:51]} 29. h4 {[%clk 0:12:37]} Ra8 {[%clk 0:13:35]} 30. Qf4
{[%clk 0:09:57]} Bf8 {[%clk 0:13:40]} 31. Qf6+ {[%clk 0:09:16]} Kg8
{[%clk 0:14:05]} 32. Re4 {[%clk 0:06:55]} bxc3 {[%clk 0:12:40]} 33. bxc3
{[%clk 0:06:39]} Qb7 {[%clk 0:10:50]} 1/2-1/2

[Event "Juniorklub 2017"]
[Site "?"]
[Date "2017.11.18"]
[Round "4.1"]
[White "Turanec, Daniel"]
[Black "Sevcikova, Lucia"]
[Result "0-1"]
[BlackElo "1748"]
[WhiteElo "1652"]
[LiveChessVersion "1.4.8"]

1. e4 {[%clk 1:00:55]} c6 {[%clk 1:00:56]} 2. d4 {[%clk 1:01:20]} d5
{[%clk 1:01:21]} 3. e5 {[%clk 1:01:46]} Bf5 {[%clk 1:01:46]} 4. f4
{[%clk 1:01:50]} h6 {[%clk 1:01:39]} 5. g4 {[%clk 1:02:10]} Be4 {[%clk 1:02:03]}
6. Nf3 {[%clk 1:02:29]} e6 {[%clk 1:01:52]} 7. Bd3 {[%clk 1:02:43]} Bxd3
{[%clk 1:01:52]} 8. Qxd3 {[%clk 1:03:08]} Nd7 {[%clk 1:01:05]} 9. Be3
{[%clk 1:02:11]} Qb6 {[%clk 1:00:16]} 10. b3 {[%clk 1:02:25]} c5 {[%clk 0:59:29]}
11. c3 {[%clk 1:02:49]} O-O-O {[%clk 0:56:30]} 12. Nbd2 {[%clk 1:02:44]} Kb8
{[%clk 0:55:07]} 13. Kf2 {[%clk 1:02:43]} cxd4 {[%clk 0:45:19]} 14. Bxd4
{[%clk 1:02:02]} Bc5 {[%clk 0:45:24]} 15. b4 {[%clk 1:01:53]} Bxd4+
{[%clk 0:45:22]} 16. Qxd4 {[%clk 1:00:56]} Qxd4+ {[%clk 0:45:14]} 17. Nxd4
{[%clk 1:01:20]} Ne7 {[%clk 0:40:54]} 18. Rhc1 {[%clk 1:00:45]} Nc6
{[%clk 0:38:58]} 19. Nxc6+ bxc6 {[%clk 0:39:18]} 20. Rab1 {[%clk 1:01:30]} Ka8
{[%clk 0:38:14]} 21. Nf3 {[%clk 1:01:43]} c5 {[%clk 0:36:16]} 22. Ke3
{[%clk 1:01:43]} Rb8 {[%clk 0:34:32]} 23. a4 {[%clk 1:01:17]} Rhc8
{[%clk 0:33:01]} 24. Rg1 {[%clk 0:56:04]} cxb4 {[%clk 0:31:47]} 25. cxb4
{[%clk 0:56:18]} Rc3+ {[%clk 0:30:57]} 26. Kf2 {[%clk 0:56:34]} Rc4
{[%clk 0:30:49]} 27. Kg3 {[%clk 0:56:33]} Rbxb4 {[%clk 0:30:21]} 28. Rxb4
{[%clk 0:56:59]} Rxb4 {[%clk 0:30:47]} 29. Rc1 {[%clk 0:57:23]} Kb7
{[%clk 0:30:53]} 30. f5 {[%clk 0:57:38]} Rxa4 {[%clk 0:28:39]} 31. Rb1+
{[%clk 0:57:44]} Nb6 {[%clk 0:24:35]} 32. h4 {[%clk 0:57:42]} Kc6
{[%clk 0:23:21]} 33. Rc1+ {[%clk 0:58:06]} Kd7 {[%clk 0:22:33]} 34. h5
{[%clk 0:57:43]} Ra3 {[%clk 0:19:46]} 35. f6 {[%clk 0:57:59]} gxf6
{[%clk 0:19:33]} 36. exf6 {[%clk 0:58:25]} Nc4 {[%clk 0:14:47]} 37. Kf4
{[%clk 0:58:16]} Ra4 {[%clk 0:13:29]} 38. Kg3 {[%clk 0:58:13]} Ra3
{[%clk 0:07:36]} 39. Kf4 {[%clk 0:57:10]} Kd6 {[%clk 0:04:42]} 40. Re1
{[%clk 0:56:24]} Rb3 {[%clk 0:03:59]} 41. Re2 {[%clk 0:54:32]} e5+
{[%clk 0:03:22]} 42. Rxe5 {[%clk 0:51:10]} Rxf3+ {[%clk 0:03:30]} 0-1

[Event "Juniorklub 2017"]
[Site "?"]
[Date "2017.11.18"]
[Round "4.2"]
[White "Trangos, Miroslav"]
[Black "Kovarikova, Maria"]
[Result "1-0"]
[BlackElo "1516"]
[WhiteElo "2019"]
[LiveChessVersion "1.4.8"]

1. d4 {[%clk 1:00:59]} d5 {[%clk 1:00:52]} 2. g3 {[%clk 1:01:26]} Nf6
{[%clk 1:00:54]} 3. Bg2 {[%clk 1:01:55]} e6 {[%clk 1:00:47]} 4. Nf3
{[%clk 1:02:21]} c5 {[%clk 1:00:48]} 5. c3 {[%clk 1:02:48]} Nc6 {[%clk 1:00:35]}
6. O-O {[%clk 1:03:12]} Bd6 {[%clk 1:00:34]} 7. Nbd2 {[%clk 0:57:50]} O-O
{[%clk 0:58:54]} 8. Re1 {[%clk 0:58:18]} Bd7 {[%clk 0:58:42]} 9. e4
{[%clk 0:58:34]} Be7 {[%clk 0:55:25]} 10. e5 {[%clk 0:57:56]} Ne8
{[%clk 0:55:13]} 11. dxc5 {[%clk 0:58:10]} Bxc5 {[%clk 0:54:32]} 12. Nb3
{[%clk 0:58:00]} Bb6 {[%clk 0:54:18]} 13. Be3 {[%clk 0:57:20]} f6
{[%clk 0:52:24]} 14. Bc5 {[%clk 0:48:18]} Bxc5 {[%clk 0:50:33]} 15. Nxc5
{[%clk 0:48:45]} Bc8 {[%clk 0:42:04]} 16. Qd2 {[%clk 0:45:11]} fxe5
{[%clk 0:33:56]} 17. Nxe5 {[%clk 0:45:00]} Nxe5 {[%clk 0:33:55]} 18. Rxe5
{[%clk 0:45:28]} Qd6 {[%clk 0:33:02]} 19. Qd4 {[%clk 0:42:03]} Nf6
{[%clk 0:25:48]} 20. Rae1 {[%clk 0:41:05]} Re8 {[%clk 0:23:47]} 21. Bxd5
{[%clk 0:34:35]} Nxd5 {[%clk 0:21:51]} 22. Rxd5 {[%clk 0:34:40]} Qc6
{[%clk 0:16:24]} 23. Rd6 {[%clk 0:32:52]} Qf3 {[%clk 0:16:16]} 24. Re3
{[%clk 0:32:06]} Qf7 {[%clk 0:15:51]} 25. Qe5 {[%clk 0:26:51]} Rf8
{[%clk 0:15:04]} 26. f4 {[%clk 0:26:43]} b6 {[%clk 0:12:43]} 27. Nxe6
{[%clk 0:26:56]} Re8 28. Nc7 {[%clk 0:26:29]} Rxe5 {[%clk 0:08:24]} 29. Rd8+
{[%clk 0:26:52]} Re8 {[%clk 0:07:32]} 30. Rexe8+ {[%clk 0:27:14]} Qxe8
{[%clk 0:07:56]} 31. Rxe8+ {[%clk 0:26:45]} Kf7 {[%clk 0:08:20]} 32. Kf2
{[%clk 0:26:45]} Rb8 {[%clk 0:08:14]} 33. c4 {[%clk 0:26:43]} Kg6
{[%clk 0:07:59]} 34. g4 {[%clk 0:24:27]} Kf7 {[%clk 0:07:47]} 35. Ke3
{[%clk 0:24:35]} h6 {[%clk 0:07:55]} 36. Kd4 {[%clk 0:24:50]} g6 {[%clk 0:07:51]}
37. Ke5 {[%clk 0:25:10]} Ra8 {[%clk 0:07:33]} 38. f5 {[%clk 0:22:15]} Rb8
{[%clk 0:06:53]} 39. h4 {[%clk 0:22:16]} gxf5 {[%clk 0:06:09]} 40. gxf5
{[%clk 0:22:27]} h5 {[%clk 0:06:15]} 41. f6 {[%clk 0:22:55]} a5 {[%clk 0:06:27]}
42. Rd8 {[%clk 0:23:00]} Kg6 {[%clk 0:05:22]} 43. Nd5 {[%clk 0:22:47]} Kf7
{[%clk 0:05:04]} 44. Ne7 {[%clk 0:23:15]} Rb7 {[%clk 0:05:04]} 45. Rxc8
{[%clk 0:23:29]} Rd7 {[%clk 0:05:17]} 46. Nd5 {[%clk 0:23:57]} Rb7
{[%clk 0:05:25]} 47. a4 {[%clk 0:24:26]} Kg6 {[%clk 0:05:04]} 48. Ke6
{[%clk 0:24:55]} Rh7 {[%clk 0:05:04]} 49. Rg8+ {[%clk 0:25:01]} Kh6
{[%clk 0:05:29]} 50. f7 {[%clk 0:24:57]} Rxf7 {[%clk 0:05:41]} 51. Kxf7
{[%clk 0:25:26]} Kh7 {[%clk 0:06:02]} 52. Nf6+ {[%clk 0:25:52]} Kh6
{[%clk 0:06:26]} 53. Rh8# 1-0

[Event "Juniorklub 2017"]
[Site "?"]
[Date "2017.11.18"]
[Round "4.3"]
[White "Onderco, Peter"]
[Black "Simo, Marian"]
[Result "0-1"]
[BlackElo "1974"]
[WhiteElo "1815"]
[LiveChessVersion "1.4.8"]

1. e4 {[%clk 1:00:53]} c5 {[%clk 1:00:55]} 2. b3 {[%clk 1:01:07]} Nc6
{[%clk 0:59:25]} 3. Bb2 {[%clk 1:01:23]} e5 {[%clk 0:57:55]} 4. f4
{[%clk 1:01:40]} d6 {[%clk 0:57:13]} 5. Nf3 {[%clk 1:02:08]} exf4
{[%clk 0:56:03]} 6. Bb5 {[%clk 1:01:12]} Bd7 {[%clk 0:53:21]} 7. O-O
{[%clk 0:59:42]} Nf6 {[%clk 0:52:44]} 8. e5 {[%clk 0:57:47]} Nxe5
{[%clk 0:52:40]} 9. Bxd7+ {[%clk 0:51:01]} Nexd7 {[%clk 0:52:50]} 10. Qe1+
{[%clk 0:49:48]} Be7 {[%clk 0:51:38]} 11. Qh4 {[%clk 0:47:54]} Nd5
{[%clk 0:47:02]} 12. Qh5 {[%clk 0:44:58]} Bf6 {[%clk 0:41:00]} 13. Bxf6
{[%clk 0:44:30]} N7xf6 {[%clk 0:39:19]} 14. Qg5 {[%clk 0:44:34]} O-O
{[%clk 0:38:50]} 15. c4 {[%clk 0:43:32]} h6 {[%clk 0:37:48]} 16. Qf5
{[%clk 0:43:14]} Ne7 {[%clk 0:35:17]} 17. Qxf4 {[%clk 0:39:14]} Ng6
{[%clk 0:35:17]} 18. Qg3 {[%clk 0:34:28]} Ne4 {[%clk 0:30:24]} 19. Qg4
{[%clk 0:32:53]} Re8 {[%clk 0:29:25]} 20. Re1 {[%clk 0:29:19]} Qf6
{[%clk 0:24:09]} 21. Na3 {[%clk 0:27:47]} Qb2 {[%clk 0:17:27]} 22. Nb5
{[%clk 0:27:23]} Nxd2 {[%clk 0:16:24]} 23. Nxd6 {[%clk 0:22:45]} Nxf3+
{[%clk 0:16:32]} 24. gxf3 {[%clk 0:22:26]} Rxe1+ {[%clk 0:15:40]} 25. Rxe1
{[%clk 0:22:45]} Qd2 {[%clk 0:15:05]} 26. Qg3 {[%clk 0:20:11]} Nf4
{[%clk 0:09:22]} 27. Nf5 {[%clk 0:18:37]} Nh3+ {[%clk 0:09:08]} 28. Kf1
{[%clk 0:08:24]} Qd3+ {[%clk 0:09:15]} 29. Kg2 {[%clk 0:08:52]} Qxf5
{[%clk 0:09:01]} 30. Qxh3 {[%clk 0:09:12]} Qxh3+ {[%clk 0:07:30]} 31. Kxh3
{[%clk 0:09:38]} Kf8 {[%clk 0:07:55]} 32. Kg4 {[%clk 0:09:04]} Re8
{[%clk 0:08:09]} 33. Rxe8+ {[%clk 0:08:28]} Kxe8 {[%clk 0:08:22]} 34. Kf5
{[%clk 0:08:56]} Kd7 {[%clk 0:08:20]} 35. Ke5 {[%clk 0:09:23]} b6
{[%clk 0:08:10]} 36. a3 {[%clk 0:07:50]} Kc6 {[%clk 0:07:03]} 37. f4
{[%clk 0:07:06]} Kc7 {[%clk 0:05:22]} 38. h3 {[%clk 0:05:42]} Kd7
{[%clk 0:04:28]} 39. f5 {[%clk 0:05:28]} Ke7 {[%clk 0:03:31]} 40. h4
{[%clk 0:05:05]} g5 {[%clk 0:02:07]} 41. f6+ {[%clk 0:01:01]} Kd7
{[%clk 0:02:28]} 42. hxg5 {[%clk 0:01:24]} hxg5 {[%clk 0:02:46]} 43. a4
{[%clk 0:01:21]} g4 {[%clk 0:02:55]} 44. Kf4 {[%clk 0:01:43]} Ke6
{[%clk 0:03:20]} 45. Kxg4 {[%clk 0:01:55]} Kxf6 {[%clk 0:03:45]} 46. Kf4
{[%clk 0:02:14]} Ke6 {[%clk 0:03:54]} 47. Ke4 {[%clk 0:02:36]} f5+
{[%clk 0:04:15]} 48. Kf4 {[%clk 0:02:29]} Kf6 {[%clk 0:04:39]} 49. Kf3
{[%clk 0:02:29]} Ke5 {[%clk 0:05:03]} 50. Ke3 {[%clk 0:02:37]} f4+
{[%clk 0:05:26]} 51. Kf3 {[%clk 0:02:22]} Kf5 {[%clk 0:05:50]} 52. Kf2
{[%clk 0:02:22]} Ke4 {[%clk 0:06:14]} 53. Ke2 {[%clk 0:02:20]} f3+
{[%clk 0:06:38]} 54. Kf2 {[%clk 0:02:30]} Kf4 {[%clk 0:07:00]} 55. Kf1
{[%clk 0:01:55]} Kg3 {[%clk 0:07:23]} 56. Kg1 {[%clk 0:02:10]} f2+
{[%clk 0:07:48]} 57. Kf1 {[%clk 0:02:19]} Kf3 {[%clk 0:07:42]} 58. b4
{[%clk 0:02:24]} cxb4 {[%clk 0:07:47]} 59. a5 {[%clk 0:02:25]} b3
{[%clk 0:08:02]} 60. c5 {[%clk 0:00:39]} b2 {[%clk 0:08:17]} 0-1

[Event "Juniorklub 2017"]
[Site "?"]
[Date "2017.11.18"]
[Round "4.4"]
[White "Janik, Miroslav"]
[Black "Franko, Ondrej"]
[Result "0-1"]
[BlackElo "1809"]
[WhiteElo "1968"]
[LiveChessVersion "1.4.8"]

1. e4 {[%clk 0:59:41]} c6 {[%clk 1:00:54]} 2. d4 {[%clk 0:59:57]} d5
{[%clk 1:01:20]} 3. exd5 {[%clk 0:58:43]} cxd5 {[%clk 1:01:45]} 4. Bd3
{[%clk 0:55:52]} Nc6 {[%clk 1:02:11]} 5. c3 {[%clk 0:56:09]} Qc7 {[%clk 1:02:38]}
6. Nf3 {[%clk 0:54:20]} Bg4 {[%clk 1:02:54]} 7. O-O {[%clk 0:52:25]} e6
{[%clk 1:01:19]} 8. Re1 {[%clk 0:50:16]} Bd6 {[%clk 1:01:40]} 9. h3
{[%clk 0:49:57]} Bh5 {[%clk 1:01:57]} 10. Nbd2 {[%clk 0:49:45]} Nge7
{[%clk 1:01:33]} 11. Qb3 {[%clk 0:43:05]} O-O {[%clk 1:00:45]} 12. a4
{[%clk 0:37:21]} Rfc8 {[%clk 0:58:51]} 13. Be2 {[%clk 0:36:18]} Bg6
{[%clk 0:57:27]} 14. Nh4 {[%clk 0:34:30]} a6 {[%clk 0:52:53]} 15. Qd1
{[%clk 0:31:57]} Nxd4 {[%clk 0:47:28]} 16. Nxg6 {[%clk 0:30:26]} Nxe2+
{[%clk 0:46:49]} 17. Qxe2 {[%clk 0:30:26]} Nxg6 {[%clk 0:47:14]} 18. Nf3
{[%clk 0:30:35]} Qc4 {[%clk 0:40:16]} 19. Be3 {[%clk 0:30:15]} b5
{[%clk 0:36:48]} 20. axb5 {[%clk 0:28:27]} axb5 {[%clk 0:36:30]} 21. Qxc4
{[%clk 0:28:08]} bxc4 {[%clk 0:36:49]} 22. g3 {[%clk 0:27:45]} Nf8
{[%clk 0:35:47]} 23. Nd4 {[%clk 0:26:21]} Nd7 {[%clk 0:34:55]} 24. Nb5
{[%clk 0:25:50]} Bc5 {[%clk 0:32:40]} 25. Nd4 {[%clk 0:25:28]} Nb6
{[%clk 0:30:50]} 26. Kf1 {[%clk 0:24:54]} Rxa1 {[%clk 0:31:01]} 27. Rxa1
{[%clk 0:25:14]} Ra8 {[%clk 0:31:29]} 28. Rxa8+ {[%clk 0:25:18]} Nxa8
{[%clk 0:31:55]} 29. Ke2 {[%clk 0:25:18]} Nb6 {[%clk 0:30:47]} 30. Kd2
{[%clk 0:24:50]} Nd7 {[%clk 0:30:51]} 31. f4 {[%clk 0:24:51]} Kf8
{[%clk 0:28:43]} 32. g4 {[%clk 0:25:03]} Ke7 {[%clk 0:28:47]} 33. h4
{[%clk 0:21:52]} Bd6 {[%clk 0:24:22]} 34. Nc6+ {[%clk 0:21:20]} Ke8
{[%clk 0:24:36]} 35. h5 {[%clk 0:21:02]} Nf6 {[%clk 0:24:43]} 36. Ne5
{[%clk 0:17:16]} Bxe5 {[%clk 0:23:41]} 37. fxe5 {[%clk 0:17:35]} Nxg4
{[%clk 0:24:09]} 38. Bf4 {[%clk 0:17:07]} Ke7 {[%clk 0:23:45]} 39. Ke2
{[%clk 0:17:25]} h6 {[%clk 0:23:09]} 40. Kf3 {[%clk 0:17:27]} f5 {[%clk 0:23:35]}
41. Kg3 {[%clk 0:16:17]} Kf7 {[%clk 0:23:16]} 42. Kf3 {[%clk 0:15:42]} g5
{[%clk 0:20:56]} 43. hxg6+ {[%clk 0:14:54]} Kxg6 {[%clk 0:21:22]} 44. Kg3
{[%clk 0:14:59]} h5 {[%clk 0:21:32]} 45. Kf3 {[%clk 0:14:56]} h4 {[%clk 0:21:35]}
46. Kg2 {[%clk 0:14:27]} h3+ {[%clk 0:21:59]} 47. Kxh3 {[%clk 0:14:15]} Nf2+
{[%clk 0:22:26]} 48. Kg2 {[%clk 0:14:20]} Nd3 {[%clk 0:22:51]} 49. Bg3
{[%clk 0:14:16]} Nxb2 {[%clk 0:23:16]} 50. Kf3 {[%clk 0:14:29]} Na4
{[%clk 0:22:54]} 51. Be1 {[%clk 0:14:51]} Kh5 {[%clk 0:22:55]} 52. Kf4
{[%clk 0:13:34]} Nc5 {[%clk 0:23:12]} 53. Kf3 {[%clk 0:13:17]} Nd3
{[%clk 0:22:59]} 54. Bg3 {[%clk 0:13:08]} Kg5 {[%clk 0:23:25]} 0-1

[Event "Juniorklub 2017"]
[Site "?"]
[Date "2017.11.18"]
[Round "4.5"]
[White "Haban, Peter"]
[Black "Baleja, Marian"]
[Result "0-1"]
[BlackElo "1929"]
[WhiteElo "1814"]
[LiveChessVersion "1.4.8"]

1. e4 {[%clk 1:00:57]} c5 {[%clk 0:50:32]} 2. b3 {[%clk 1:01:17]} Nc6
{[%clk 0:50:20]} 3. Bb2 {[%clk 1:01:35]} e5 {[%clk 0:49:37]} 4. f4
{[%clk 1:01:51]} exf4 {[%clk 0:48:37]} 5. Nf3 {[%clk 1:02:15]} Nf6
{[%clk 0:46:45]} 6. Bc4 {[%clk 1:00:21]} d5 {[%clk 0:40:39]} 7. exd5
{[%clk 1:00:05]} Nxd5 {[%clk 0:40:52]} 8. Qe2+ {[%clk 0:59:57]} Be6
{[%clk 0:39:59]} 9. O-O {[%clk 0:58:31]} Qd6 {[%clk 0:36:27]} 10. Bxd5
{[%clk 0:57:18]} Qxd5 {[%clk 0:36:51]} 11. Nc3 {[%clk 0:57:37]} Nd4
{[%clk 0:33:39]} 12. Nxd4 {[%clk 0:56:32]} Qxd4+ {[%clk 0:34:06]} 13. Kh1
{[%clk 0:56:38]} O-O-O {[%clk 0:33:18]} 14. d3 {[%clk 0:48:17]} Rg8
{[%clk 0:32:10]} 15. Na4 {[%clk 0:47:29]} Qb4 {[%clk 0:27:45]} 16. Bc3
{[%clk 0:45:32]} Qb5 {[%clk 0:27:38]} 17. Rxf4 {[%clk 0:45:20]} g5
{[%clk 0:25:15]} 18. Re4 {[%clk 0:44:32]} Qc6 {[%clk 0:23:10]} 19. Re1
{[%clk 0:41:46]} Bd6 {[%clk 0:21:00]} 20. Bf6 {[%clk 0:40:01]} Rdf8
{[%clk 0:20:15]} 21. c4 {[%clk 0:39:20]} Bf5 {[%clk 0:19:23]} 22. Re3
{[%clk 0:38:22]} Bf4 {[%clk 0:19:36]} 23. Re7 {[%clk 0:35:45]} Qxf6
{[%clk 0:18:54]} 24. Nxc5 {[%clk 0:35:37]} Qc6 {[%clk 0:11:12]} 25. Nxb7
{[%clk 0:33:24]} Bc7 {[%clk 0:10:16]} 26. Qf2 {[%clk 0:31:17]} Be6
{[%clk 0:09:04]} 27. Qxa7 {[%clk 0:31:14]} Qxb7 {[%clk 0:09:16]} 28. Rxc7+
{[%clk 0:30:22]} Qxc7 {[%clk 0:09:17]} 29. Qa8+ {[%clk 0:30:00]} Kd7
{[%clk 0:09:43]} 30. Qe4 {[%clk 0:29:09]} Ra8 {[%clk 0:08:50]} 31. d4
{[%clk 0:27:57]} Rge8 {[%clk 0:07:33]} 0-1

[Event "Juniorklub 2017"]
[Site "?"]
[Date "2017.11.18"]
[Round "4.6"]
[White "Sibrava, Patrik"]
[Black "Remen, Igor"]
[Result "0-1"]
[BlackElo "1763"]
[WhiteElo "1823"]
[LiveChessVersion "1.4.8"]

1. e4 {[%clk 1:00:55]} e5 {[%clk 1:00:59]} 2. Nf3 {[%clk 1:01:13]} Nc6
{[%clk 1:01:22]} 3. Bb5 {[%clk 1:01:27]} a6 4. Bxc6 {[%clk 1:01:12]} dxc6
{[%clk 1:02:07]} 5. d3 {[%clk 1:01:26]} Bd6 {[%clk 1:02:22]} 6. O-O
{[%clk 1:01:44]} Qe7 {[%clk 0:56:44]} 7. h3 {[%clk 1:01:43]} Nf6 {[%clk 0:55:09]}
8. Nc3 {[%clk 1:01:55]} h6 {[%clk 0:53:41]} 9. a3 {[%clk 1:01:45]} Bd7
{[%clk 0:52:40]} 10. Be3 {[%clk 1:01:23]} g5 {[%clk 0:49:04]} 11. Nh2
{[%clk 1:00:15]} O-O-O {[%clk 0:49:00]} 12. b4 {[%clk 0:54:06]} Rdg8
{[%clk 0:44:15]} 13. Ne2 {[%clk 0:46:21]} Nh5 {[%clk 0:33:54]} 14. Ng3
{[%clk 0:38:45]} Ng7 {[%clk 0:29:33]} 15. f3 {[%clk 0:32:13]} h5 {[%clk 0:23:09]}
16. Kh1 {[%clk 0:26:41]} g4 {[%clk 0:18:45]} 17. fxg4 {[%clk 0:25:41]} hxg4
{[%clk 0:17:59]} 18. Nxg4 {[%clk 0:23:44]} Qh4 {[%clk 0:17:27]} 19. Nf5
{[%clk 0:14:52]} Nxf5 {[%clk 0:17:06]} 20. exf5 {[%clk 0:15:10]} Rxg4
{[%clk 0:17:18]} 21. Qf3 {[%clk 0:14:11]} Rg3 {[%clk 0:17:19]} 22. Qf2
{[%clk 0:10:32]} e4 {[%clk 0:13:18]} 23. Bf4 {[%clk 0:10:05]} Bxf4
{[%clk 0:13:06]} 24. Qxf4 {[%clk 0:10:27]} Qxh3+ {[%clk 0:12:53]} 0-1

[Event "Juniorklub 2017"]
[Site "?"]
[Date "2017.11.18"]
[Round "4.7"]
[White "Kunzo, Slavomir"]
[Black "Murin, Pavol"]
[Result "0-1"]
[BlackElo "2045"]
[WhiteElo "1650"]
[LiveChessVersion "1.4.8"]

1. c4 Nf6 2. g3 {[%clk 1:00:39]} e5 {[%clk 1:00:33]} 3. Bg2 {[%clk 1:01:00]} Nc6
{[%clk 0:59:38]} 4. Nc3 {[%clk 1:00:43]} Bb4 {[%clk 0:59:47]} 5. Nd5
{[%clk 0:59:46]} Bc5 {[%clk 1:00:03]} 6. Nf3 {[%clk 0:58:00]} d6 {[%clk 1:00:21]}
7. O-O {[%clk 0:56:15]} O-O {[%clk 1:00:43]} 8. e3 {[%clk 0:55:36]} Be6
{[%clk 0:57:09]} 9. d4 {[%clk 0:49:23]} e4 {[%clk 0:49:27]} 10. Nxf6+
{[%clk 0:46:52]} Qxf6 {[%clk 0:49:22]} 11. d5 {[%clk 0:47:10]} exf3
{[%clk 0:46:44]} 12. Qxf3 {[%clk 0:46:50]} Qxf3 {[%clk 0:46:48]} 13. Bxf3
{[%clk 0:47:13]} Ne5 {[%clk 0:47:03]} 14. Be2 {[%clk 0:46:27]} Bd7
{[%clk 0:46:11]} 15. a3 {[%clk 0:45:43]} a5 {[%clk 0:46:22]} 16. Kg2
{[%clk 0:45:38]} Bf5 {[%clk 0:44:35]} 17. Rd1 {[%clk 0:45:40]} Bc2
{[%clk 0:43:51]} 18. Rd2 {[%clk 0:45:45]} Bb3 {[%clk 0:43:59]} 19. e4
{[%clk 0:43:01]} a4 {[%clk 0:42:33]} 20. Kf1 {[%clk 0:38:19]} Nxc4
{[%clk 0:42:16]} 21. Bxc4 {[%clk 0:36:49]} Bxc4+ {[%clk 0:42:40]} 22. Kg2
{[%clk 0:36:37]} Rae8 {[%clk 0:42:56]} 23. f3 {[%clk 0:36:50]} f5
{[%clk 0:43:19]} 24. exf5 {[%clk 0:35:57]} Rxf5 {[%clk 0:43:35]} 25. f4
{[%clk 0:35:39]} Re1 {[%clk 0:42:36]} 26. b3 {[%clk 0:35:07]} Bxd5+
{[%clk 0:42:14]} 27. Kh3 {[%clk 0:35:29]} Bxb3 {[%clk 0:41:59]} 28. Bb2
{[%clk 0:35:39]} Rxa1 {[%clk 0:40:39]} 29. Bxa1 {[%clk 0:36:00]} Bxa3
{[%clk 0:41:02]} 30. Re2 {[%clk 0:36:07]} Kf8 {[%clk 0:41:27]} 31. Kg4
{[%clk 0:36:05]} g6 {[%clk 0:41:09]} 32. h4 {[%clk 0:35:43]} Bd1 {[%clk 0:41:32]}
0-1